Entry Personal Name
Number of records used in: 1
001 - CONTROL NUMBER
003 - CONTROL NUMBER IDENTIFIER
005 - DATE AND TIME OF LATEST TRANSACTION
- control field:
20191104140454.0
008 - FIXED-LENGTH DATA ELEMENTS
- fixed length control field:
140828n| azannaabn |a aaa
010 ## - LIBRARY OF CONGRESS CONTROL NUMBER
- LC control number:
n 2014210881
040 ## - CATALOGING SOURCE
- Original cataloging agency:
DLC
- Language of cataloging:
eng
- Description conventions:
rda
- Transcribing agency:
DLC
- Modifying agency:
DLC
046 ## - SPECIAL CODED DATES
100 0# - HEADING--PERSONAL NAME
- Personal name:
Abhā Rānī,
- Dates associated with a name:
1955-
370 ## - ASSOCIATED PLACE
- Place of birth:
Kānpur (India)
- Place of residence/headquarters:
Rānchī (India)
- Source of term:
naf
371 ## - ADDRESS
- Electronic mail address:
drabha.info@gmail.com
372 ## - FIELD OF ACTIVITY
- Field of activity:
Hindi literature
- Source of term:
lcsh
373 ## - ASSOCIATED GROUP
- Associated group:
S.S. Memorial College (Rānchī, India)
374 ## - OCCUPATION
- Occupation:
College teachers
- Source of term:
lcsh
375 ## - GENDER
377 ## - ASSOCIATED LANGUAGE
400 1# - SEE FROM TRACING--PERSONAL NAME
- Personal name:
Rānī, Abhā,
- Dates associated with a name:
1955-
400 0# - SEE FROM TRACING--PERSONAL NAME
- Personal name:
Abharani,
- Dates associated with a name:
1955-
670 ## - SOURCE DATA FOUND
- Source citation:
Vidyāpati, Sūra, aura Bihārī kī nāyikāoṃ kā mānabodha, 2012:
- Information found:
t.p. (Ḍô. Ābhā Rānī; head, Hindi Department, S.S. Memorial College, Ranchi, Jharkhand) (Dr. Abharani) jacket (born 15 August, 1955, Kanpur, U.P.; e-mail: drabha.info@gmail.com; lives in Ranchi)